Worlds Largest Urban Areas-One Minute Sprint - Statistics

General Stats
  • This quiz has been taken 99 times
    68 since last reset
  • The average score is 23 of 100
Answer Stats
Urban Area % Correct
Tokyo
93%
New York City
90%
Los Angeles
80%
London
75%
Beijing
73%
Shanghai
73%
Paris
65%
Mexico City
63%
Delhi
58%
Moscow
58%
Osaka
55%
Mumbai
53%
Sao Paulo
53%
Guangzhou
50%
Jakarta
50%
Seoul
50%
Chicago
48%
Manila
48%
Rio de Janeiro
45%
Berlin
43%
Bangkok
40%
Hong Kong
38%
Istanbul
38%
Sydney
38%
Toronto
35%
Dhaka
33%
Karachi
33%
Boston
30%
Kolkata
30%
Lagos
30%
Madrid
30%
San Francisco
30%
Singapore
28%
Xi'an
28%
Miami
25%
Bengaluru
23%
Dallas
23%
Nagoya
23%
Tehran
23%
Washington, District of Columbia
23%
Atlanta
20%
Buenos Aires
20%
Chennai
20%
Houston
20%
Johannesburg
20%
Kuala Lumpur
20%
Shenzhen
20%
Taipei
20%
Tianjin
20%
Wuhan
20%
Barcelona
18%
Chengdu
18%
Ho Chi Minh
18%
Kinshasa
18%
Lahore
18%
Lima
15%
Nanjing
15%
Bogota
13%
Melbourne
13%
Milan
13%
Philadelphia
13%
Xiamen
13%
Dubai
10%
Hyderabad
10%
Nairobi
10%
Phoenix
10%
Saint Petersburg
10%
Shenyang
10%
Santiago
8%
Belo Horizonte
5%
Guadalajara
5%
Hangzhou
5%
Harbin
5%
Riyadh
5%
Surabaya
5%
Accra
3%
Ahmedabad
3%
Alexandria
3%
Bandung
3%
Dalian
3%
Dar es Salaam
3%
Dongguan
3%
Fuzhou
3%
Kabul
3%
Khartoum
3%
Medan
3%
Monterey
3%
Pune
3%
Suzhou
3%
Yangon
3%
Abidjan
0%
Ankara
0%
Baghdad
0%
Chongquing
0%
Kuwait City
0%
Luanda
0%
Qingdao
0%
Quanzhou
0%
Surat
0%
Zhengzhou
0%
No matching quizzes found
Score Distribution
Percent of People with Each Score
Percentile by Number Answered
Your Score History
You have not taken this quiz since the last reset